000 00489nam a22001697a 4500
005 20251108164345.0
008 250721s1961 xx 000 0 ara d
082 1 4 _a811.008/عيس
100 1 _aسابا، عيسى
245 1 0 _aشعراء القصة و الوصف في لبنان /
264 1 _aبيروت :
_bدار صادر،
_c1961.
300 _a254 ص
650 1 7 _aالشعر العربي
650 1 7 _aالمجموعات الأدبية
942 _2ddc
_cBK
999 _c10153
_d10153